Statystyki dla Największe aglomeracje w Chile

Kliknij tutaj aby rozwiązać quiz!

Ogólne statystyki

  • Ten quiz został rozwiązany 34 razy
  • Średni wynik to 3 z 13

Statystyki odpowiedzi

MiejsceMieszkańcyOdpowiedź% Poprawnych
1.6 903 479Wielkie Santiago
100%
5.361 873Aglomeracja Antofagasta
39%
3.944 498Wielkie Valparaíso
36%
7.308 071Aglomeracja Puerto Montt
30%
11.221 364Aglomeracja Arica
27%
2.971 285Wielkie Concepción
21%
6.358 541Aglomeracja Temuco
18%
4.448 784Aglomeracja La Serena-Coquimbo
15%
13.202 331Aglomeracja Los Ángeles
12%
10.250 000Aglomeracja Talca
12%
12.215 646Aglomeracja Chillán
9%
9.294 279Aglomeracja Rancagua-Machalí
9%
8.299 843Aglomeracja Iquique-Alto Hospicio
3%

Rozkład punktacji

Percentyl według liczby udzielonych odpowiedzi

Procent ludzi z każdym wynikiem

Twoja historia wyników

Nie rozwiązałeś tego quizu